00295nam a2200097 a 450000500170000000800410001705000190005824500540007765000170013165000490014820141022142000.0080915s19uu xx 00 eng d aVHSbAJN1 2003 aAJN: Examination of the ears and auditory system. aVHS Nursing. aExamination of the ears and auditory system.